000 01044nam0a22002651 4500
001 rc\1010939
005 20250622075228.0
035 _a(NLR Aleph) 006176487
090 _a6019978
_c6019978
100 _a20041129d1981 |||y0rusy50 ca
101 0 _arus
102 _aRU
105 _ay |||||||||
200 1 _aПрофилактика правонарушений в городе-новостройке
_e(Вопр. передового опыта)
_eУчеб. пособие
210 _aМинск
_cНауч.-исслед. и ред.-изд отд. Мин. высш. школы МВД
_d1981
215 _a120 с.
_d20
300 _aНа обороте тит. л. авт.: М.И. Зырин, к. ю. н., доц.
300 _aВ надзаг.: М-во внутр. дел СССР, Мин. высш. школа
333 _aДСП. Экз. № 1493
700 1 _aЗырин
_bМ.И.
_gМихаил Иванович
801 0 _aRU
_bNLR
_gpsbo
801 1 _aRU
_bELAR
_2rusmarc
852 _aNLR
_j81-50К/4536
942 _cBOOK
980 _aNB